00657nam a2200157 a 4500003000200000005001700002008004100019050003000060100002600090245014000116260009000256300004000346504004100386650002300427650004900450020250516145115.0030519s19uu xx 00 eng d aPHS SB 205.M85b.J63 2003 aJoaquin, Aldo Lorenzo aThe Effects of varying amount of organic matter on the growth and development of mongo bean (Vigna radiata) /cAldo Lorenzo T. Joaquin. aLas Piñas City, Philippines :bSouthville International School and Colleges,c2003. a31 pages :billustrations ;c28 cm. aIncludes bibliographical references. aMung beanxGrowth. aMung beanxEffect of organic fertilizers on.